Total Quality Management (Record no. 3496)

MARC details
005 - DATE AND TIME OF LATEST TRANSACTION
control field 20250623114554.0
020 ## - INTERNATIONAL STANDARD BOOK NUMBER
International Standard Book Number 978-81-7758-412-7
082 ## - DEWEY DECIMAL CLASSIFICATION NUMBER
Classification number LM 658.562 BES
100 ## - MAIN ENTRY--PERSONAL NAME
Author name BESTERFIELD, D. H.
245 ## - TITLE STATEMENT
Title Total Quality Management
250 ## - EDITION STATEMENT
Edition statement 3rd Ed.
260 ## - PUBLICATION, DISTRIBUTION, ETC.
Place of publication, distribution, etc. New Delhi,
Name of publisher, distributor, etc. Pearson Education, Inc,
Date of publication, distribution, etc. 2003.
300 ## - PHYSICAL DESCRIPTION
Extent 652p.: figure, table.
Other physical details Index & References.
Dimensions 25cm.
700 ## - ADDED ENTRY--PERSONAL NAME
Other authors/Editors MICHNA, C. B, BESTERFIELD, G. H. & SACRE, M. B.
856 ## - ELECTRONIC LOCATION AND ACCESS
Link text Access Online Book
Electronic name Total Quality Management
Path www.pearsoned.co.in
942 ## - ADDED ENTRY ELEMENTS (KOHA)
Source of classification or shelving scheme Dewey Decimal Classification
Koha item type Books
Holdings
Date last seen Total checkouts Full call number Barcode Cost, replacement price Price effective from Koha item type Lost status Source of classification or shelving scheme Damaged status Not for loan Withdrawn status Home library Current library Shelving location Date acquired Cost, normal purchase price
06/09/2025   LM 658.562 BES 00000010825 195000.00 06/09/2025 Books   Dewey Decimal Classification       College of Business Education Main Library College of Business Education Main Library Special Reserve Collection 06/17/2014 65000.00
06/09/2025   LM 658.562 BES 00000010826 195000.00 06/09/2025 Books   Dewey Decimal Classification       College of Business Education Main Library College of Business Education Main Library General Collection 06/17/2014 65000.00
06/09/2025   LM 658.562 BES 00000010827 195000.00 06/09/2025 Books   Dewey Decimal Classification       College of Business Education Main Library College of Business Education Main Library General Collection 06/17/2014 65000.00